| 000 | 00668nam a22002297a 4500 | ||
|---|---|---|---|
| 003 | OSt | ||
| 005 | 20260521151303.0 | ||
| 008 | 260521b |||||||| |||| 00| 0 eng d | ||
| 020 | _a0-689-30141-3 | ||
| 040 | _cChuka University Library | ||
| 050 | _aPN 6101 .M66 1974 | ||
| 100 |
_aMoore Lilian _926426 |
||
| 245 | _aTo see The World Afresh | ||
| 260 |
_aNew York _bAltheneum _c1974 |
||
| 300 | _a102ksh | ||
| 650 |
_aPoetry-Modern.....20th ceentury _925745 |
||
| 650 |
_aEnglish Poetry...collectiions _926329 |
||
| 650 |
_aLiterature.....Collections _924460 |
||
| 650 |
_aPoetry... Anthologies _926427 |
||
| 700 |
_aThuram Judith _926428 |
||
| 942 |
_2lcc _cBK _n0 |
||
| 999 |
_c22881 _d22881 |
||